000 00383nam a22001577a 4500
003 OSt
005 20250228161021.0
008 250228b |||||||| |||| 00| 0 eng d
020 _a9789355023629
040 _cIIMT UNIVERSITY MEERUT
100 _aDINESH CHAND
245 _aCOMMUNITY PHARMACY AND MANAGEMENT
260 _aMUZAFFARNAGAR
_bASIAN
300 _a188
942 _2ddc
_c09
999 _c65258
_d65258